'The Great World Race' Locations - Statistics

General Stats
  • This quiz has been taken 2 times
  • The average score is 3 of 7
Answer Stats
Hint City % Correct
Africa Cape Town, South Africa
100%
Oceania Perth, Australia
100%
North America Miami, United States of America
50%
Asia Abu Dhabi, United Arab Emirates
0%
Europe Algarve, Portugal
0%
South America Cartagena, Colombia
0%
Antarctica Wolf's Gang, Antarctica
0%
No matching quizzes found
Score Distribution
Percent of People with Each Score
Percentile by Number Answered
Your Score History
You have not taken this quiz